|
|
|
|
| LEADER |
00000naa2a2200000 4500 |
| 001 |
398878 |
| 005 |
20231101065133.0 |
| 035 |
|
|
|a (RuTPU)RU\TPU\prd\39603
|
| 035 |
|
|
|a RU\TPU\prd\39601
|
| 090 |
|
|
|a 398878
|
| 100 |
|
|
|a 20051115a2005 k y0rusy50 ca
|
| 101 |
0 |
|
|a rus
|
| 102 |
|
|
|a RU
|
| 200 |
1 |
|
|a О типологии библиотечных фондов. Терминологический анализ
|f В. В. Шилов
|
| 320 |
|
|
|a Библиогр.: назв. 16.
|
| 461 |
|
0 |
|0 (RuTPU)RU\TPU\prd\1594
|x 0130-9765
|t Научные и технические библиотеки
|o ежемесячный сборник по вопросам теории и практики библиотечного дела
|f Государственная публичная научно-техническая библиотека России
|d 1994-
|
| 463 |
|
0 |
|0 (RuTPU)RU\TPU\prd\39500
|t № 8
|v С. 18-23
|d 2005
|
| 610 |
1 |
|
|a библиотечные фонды
|
| 610 |
1 |
|
|a типология
|
| 610 |
1 |
|
|a терминология
|
| 610 |
1 |
|
|a терминологический анализ
|
| 700 |
|
1 |
|a Шилов
|b В. В.
|g Вячеслав Васильевич
|
| 801 |
|
1 |
|a RU
|b 63413507
|c 20051115
|g PSBO
|
| 801 |
|
2 |
|a RU
|b 63413507
|c 20060608
|g PSBO
|
| 942 |
|
|
|c BK
|